<?xml version="1.0" encoding="UTF-8"?>
<record
    xmlns:xsi="http://www.w3.org/2001/XMLSchema-instance"
    xsi:schemaLocation="http://www.loc.gov/MARC21/slim http://www.loc.gov/standards/marcxml/schema/MARC21slim.xsd"
    xmlns="http://www.loc.gov/MARC21/slim">

  <leader>03060cam a2200433 ia4500</leader>
  <controlfield tag="003">SA-RiAUC</controlfield>
  <controlfield tag="005">20241224065554.0</controlfield>
  <controlfield tag="008">241224s1998    su     g     f00110 ara c</controlfield>
  <datafield tag="020" ind1=" " ind2=" ">
    <subfield code="a">9960020274 (&#x645;&#x62C;&#x645;&#x648;&#x639;&#x629;)</subfield>
  </datafield>
  <datafield tag="020" ind1=" " ind2=" ">
    <subfield code="a">9960020282 (&#x645;&#x62C;&#x644;&#x62F; 1)</subfield>
  </datafield>
  <datafield tag="020" ind1=" " ind2=" ">
    <subfield code="a">9960020290 (&#x645;&#x62C;&#x644;&#x62F; 2)</subfield>
  </datafield>
  <datafield tag="024" ind1="0" ind2=" ">
    <subfield code="a">00000000297455</subfield>
  </datafield>
  <datafield tag="040" ind1=" " ind2=" ">
    <subfield code="a">KW-ShULA</subfield>
    <subfield code="b">ara</subfield>
    <subfield code="c">SA-RiAUC</subfield>
    <subfield code="d">KAC</subfield>
    <subfield code="e">rda</subfield>
  </datafield>
  <datafield tag="082" ind1="0" ind2="4">
    <subfield code="a">214.291</subfield>
    <subfield code="q">SA-RiAUC</subfield>
  </datafield>
  <datafield tag="090" ind1=" " ind2=" ">
    <subfield code="a">214.291</subfield>
    <subfield code="b">&#x62C; &#x639; &#x641;</subfield>
  </datafield>
  <datafield tag="100" ind1="1" ind2=" ">
    <subfield code="a">&#x627;&#x644;&#x62C;&#x639;&#x641;&#x631;&#x64A;&#x60C; &#x635;&#x627;&#x644;&#x62D; &#x628;&#x646; &#x627;&#x644;&#x62D;&#x633;&#x64A;&#x646; &#x628;&#x646; &#x637;&#x644;&#x62D;&#x629;&#x60C;</subfield>
    <subfield code="d">581-668 &#x647;&#x62C;&#x631;&#x64A;</subfield>
    <subfield code="e">&#x645;&#x624;&#x644;&#x641;.</subfield>
  </datafield>
  <datafield tag="245" ind1="1" ind2="0">
    <subfield code="a">&#x62A;&#x62E;&#x62C;&#x64A;&#x644; &#x645;&#x646; &#x62D;&#x631;&#x641; &#x627;&#x644;&#x62A;&#x648;&#x631;&#x627;&#x629; &#x648;&#x627;&#x644;&#x625;&#x646;&#x62C;&#x64A;&#x644; /</subfield>
    <subfield code="c">&#x62A;&#x623;&#x644;&#x64A;&#x641; &#x627;&#x644;&#x625;&#x645;&#x627;&#x645; &#x627;&#x644;&#x642;&#x627;&#x636;&#x64A; &#x623;&#x628;&#x64A; &#x627;&#x644;&#x628;&#x642;&#x627;&#x621; &#x635;&#x627;&#x644;&#x62D; &#x628;&#x646; &#x627;&#x644;&#x62D;&#x633;&#x64A;&#x646; &#x627;&#x644;&#x62C;&#x639;&#x641;&#x631;&#x64A; &#x627;&#x644;&#x647;&#x627;&#x634;&#x645;&#x64A; &#x61B; &#x62F;&#x631;&#x627;&#x633;&#x629; &#x648;&#x62A;&#x62D;&#x642;&#x64A;&#x642; &#x62F;. &#x645;&#x62D;&#x645;&#x648;&#x62F; &#x639;&#x628;&#x62F; &#x627;&#x644;&#x631;&#x62D;&#x645;&#x646; &#x642;&#x62F;&#x62D;.</subfield>
  </datafield>
  <datafield tag="250" ind1=" " ind2=" ">
    <subfield code="a">&#x627;&#x644;&#x637;&#x628;&#x639;&#x629; &#x627;&#x644;&#x623;&#x648;&#x644;&#x649;.</subfield>
  </datafield>
  <datafield tag="264" ind1=" " ind2="1">
    <subfield code="a">&#x627;&#x644;&#x631;&#x64A;&#x627;&#x636; :</subfield>
    <subfield code="a">&#x627;&#x644;&#x645;&#x62F;&#x64A;&#x646;&#x629; &#x627;&#x644;&#x645;&#x646;&#x648;&#x631;&#x629;&#x60C; &#x627;&#x644;&#x633;&#x639;&#x648;&#x62F;&#x64A;&#x629; :</subfield>
    <subfield code="b">&#x645;&#x643;&#x62A;&#x628;&#x629; &#x627;&#x644;&#x639;&#x628;&#x64A;&#x643;&#x627;&#x646; &#x61B;</subfield>
    <subfield code="b">&#x627;&#x644;&#x62C;&#x627;&#x645;&#x639;&#x629; &#x627;&#x644;&#x625;&#x633;&#x644;&#x627;&#x645;&#x64A;&#x629;&#x60C; &#x645;&#x631;&#x643;&#x632; &#x627;&#x644;&#x628;&#x62D;&#x62B; &#x627;&#x644;&#x639;&#x644;&#x645;&#x64A;&#x60C;</subfield>
    <subfield code="c">1998</subfield>
  </datafield>
  <datafield tag="300" ind1=" " ind2=" ">
    <subfield code="a">2 &#x645;&#x62C;&#x644;&#x62F; &#x61B;</subfield>
    <subfield code="c">24  &#xD7;17 &#x633;&#x645;.</subfield>
  </datafield>
  <datafield tag="336" ind1=" " ind2=" ">
    <subfield code="a">&#x646;&#x635;</subfield>
    <subfield code="b">txt</subfield>
    <subfield code="2">rdacontent</subfield>
    <subfield code="3">&#x643;&#x62A;&#x627;&#x628;</subfield>
  </datafield>
  <datafield tag="337" ind1=" " ind2=" ">
    <subfield code="a">&#x628;&#x62F;&#x648;&#x646; &#x648;&#x633;&#x64A;&#x637;</subfield>
    <subfield code="b">n</subfield>
    <subfield code="2">rdamedia</subfield>
  </datafield>
  <datafield tag="338" ind1=" " ind2=" ">
    <subfield code="a">&#x645;&#x62C;&#x644;&#x62F;</subfield>
    <subfield code="b">nc</subfield>
    <subfield code="2">rdacarrier</subfield>
  </datafield>
  <datafield tag="490" ind1="0" ind2=" ">
    <subfield code="a">&#x625;&#x635;&#x62F;&#x627;&#x631;&#x627;&#x62A; &#x645;&#x631;&#x643;&#x632; &#x627;&#x644;&#x628;&#x62D;&#x62B; &#x627;&#x644;&#x639;&#x644;&#x645;&#x64A; &#x648;&#x625;&#x62D;&#x64A;&#x627;&#x621; &#x627;&#x644;&#x62A;&#x631;&#x627;&#x62B; &#x627;&#x644;&#x625;&#x633;&#x644;&#x627;&#x645;&#x64A; / &#x627;&#x644;&#x62C;&#x627;&#x645;&#x639;&#x629; &#x627;&#x644;&#x625;&#x633;&#x644;&#x627;&#x645;&#x64A;&#x629; (&#x627;&#x644;&#x645;&#x62F;&#x64A;&#x646;&#x629; &#x627;&#x644;&#x645;&#x646;&#x648;&#x631;&#x629;) &#x61B;</subfield>
    <subfield code="v">25</subfield>
  </datafield>
  <datafield tag="500" ind1=" " ind2=" ">
    <subfield code="a">&#x64A;&#x634;&#x62A;&#x645;&#x644; &#x639;&#x644;&#x649; &#x643;&#x634;&#x627;&#x641;&#x627;&#x62A;.</subfield>
  </datafield>
  <datafield tag="504" ind1=" " ind2=" ">
    <subfield code="a">&#x64A;&#x634;&#x62A;&#x645;&#x644; &#x639;&#x644;&#x649; &#x628;&#x628;&#x644;&#x64A;&#x648;&#x62C;&#x631;&#x627;&#x641;&#x64A;&#x629;.</subfield>
  </datafield>
  <datafield tag="505" ind1="0" ind2=" ">
    <subfield code="a">&#x627;&#x644;&#x645;&#x62D;&#x62A;&#x648;&#x64A;&#x627;&#x62A; : &#x627;&#x644;&#x642;&#x633;&#x645; &#x627;&#x644;&#x623;&#x648;&#x644; : &#x62F;&#x631;&#x627;&#x633;&#x629; &#x627;&#x644;&#x645;&#x624;&#x644;&#x641; &#x648;&#x643;&#x62A;&#x627;&#x628;&#x647;-&#x627;&#x644;&#x628;&#x627;&#x628; &#x627;&#x644;&#x623;&#x648;&#x644; : &#x627;&#x644;&#x62A;&#x639;&#x631;&#x64A;&#x641; &#x628;&#x627;&#x644;&#x645;&#x624;&#x644;&#x641;-&#x627;&#x644;&#x628;&#x627;&#x628; &#x627;&#x644;&#x62B;&#x627;&#x646;&#x64A; : &#x62F;&#x631;&#x627;&#x633;&#x629; &#x627;&#x644;&#x643;&#x62A;&#x627;&#x628; &#x648;&#x628;&#x64A;&#x627;&#x646; &#x645;&#x646;&#x647;&#x62C; &#x627;&#x644;&#x62A;&#x62D;&#x642;&#x64A;&#x642;-&#x627;&#x644;&#x642;&#x633;&#x645; &#x627;&#x644;&#x62B;&#x627;&#x646;&#x64A; : &#x646;&#x635; &#x627;&#x644;&#x643;&#x62A;&#x627;&#x628; &#x627;&#x644;&#x645;&#x62D;&#x642;&#x642; (&#x62A;&#x62E;&#x62C;&#x64A;&#x644; &#x645;&#x646; &#x62D;&#x631;&#x641; &#x627;&#x644;&#x62A;&#x648;&#x631;&#x627;&#x629; &#x648;&#x627;&#x644;&#x625;&#x646;&#x62C;&#x64A;&#x644;) &#x643;&#x627;&#x644;&#x622;&#x62A;&#x64A; : &#x627;&#x644;&#x628;&#x627;&#x628; &#x627;&#x644;&#x623;&#x648;&#x644; : &#x641;&#x64A; &#x643;&#x648;&#x646; &#x627;&#x644;&#x645;&#x633;&#x64A;&#x62D; &#x639;&#x628;&#x62F;&#x627; &#x645;&#x646; &#x639;&#x628;&#x64A;&#x62F; &#x627;&#x644;&#x644;&#x647; &#x628;&#x642;&#x648;&#x644;&#x647; &#x648;&#x641;&#x62A;&#x648;&#x627;&#x647;-&#x627;&#x644;&#x628;&#x627;&#x628; &#x627;&#x644;&#x62B;&#x627;&#x646;&#x64A; : &#x641;&#x64A; &#x625;&#x62B;&#x628;&#x627;&#x62A; &#x646;&#x628;&#x648;&#x629; &#x627;&#x644;&#x645;&#x633;&#x64A;&#x62D; &#x639;&#x644;&#x64A;&#x647; &#x627;&#x644;&#x633;&#x644;&#x627;&#x645;-&#x627;&#x644;&#x628;&#x627;&#x628; &#x627;&#x644;&#x62B;&#x627;&#x644;&#x62B; : &#x641;&#x64A; &#x62A;&#x623;&#x648;&#x64A;&#x644; &#x638;&#x648;&#x627;&#x647;&#x631; &#x627;&#x644;&#x625;&#x646;&#x62C;&#x64A;&#x644; ... &#x648;&#x645;&#x648;&#x636;&#x648;&#x639;&#x627;&#x62A; &#x623;&#x62E;&#x631;&#x649;.</subfield>
  </datafield>
  <datafield tag="630" ind1="2" ind2="7">
    <subfield code="a">&#x627;&#x644;&#x643;&#x62A;&#x627;&#x628; &#x627;&#x644;&#x645;&#x642;&#x62F;&#x633;.</subfield>
    <subfield code="p">&#x627;&#x644;&#x639;&#x647;&#x62F; &#x627;&#x644;&#x642;&#x62F;&#x64A;&#x645;</subfield>
    <subfield code="x">&#x62A;&#x641;&#x627;&#x633;&#x64A;&#x631;</subfield>
    <subfield code="2">aucut</subfield>
  </datafield>
  <datafield tag="630" ind1="2" ind2="7">
    <subfield code="a">&#x627;&#x644;&#x643;&#x62A;&#x627;&#x628; &#x627;&#x644;&#x645;&#x642;&#x62F;&#x633;.</subfield>
    <subfield code="p">&#x627;&#x644;&#x639;&#x647;&#x62F; &#x627;&#x644;&#x62C;&#x62F;&#x64A;&#x62F;</subfield>
    <subfield code="x">&#x62A;&#x641;&#x627;&#x633;&#x64A;&#x631;</subfield>
    <subfield code="2">aucut</subfield>
  </datafield>
  <datafield tag="650" ind1=" " ind2="7">
    <subfield code="a">&#x627;&#x644;&#x625;&#x633;&#x644;&#x627;&#x645; &#x648;&#x627;&#x644;&#x645;&#x633;&#x64A;&#x62D;&#x64A;&#x629;</subfield>
    <subfield code="2">aucsh</subfield>
  </datafield>
  <datafield tag="650" ind1=" " ind2="7">
    <subfield code="a">&#x627;&#x644;&#x625;&#x633;&#x644;&#x627;&#x645; &#x648;&#x627;&#x644;&#x64A;&#x647;&#x648;&#x62F;&#x64A;&#x629;</subfield>
    <subfield code="2">aucsh</subfield>
  </datafield>
  <datafield tag="700" ind1="1" ind2="2">
    <subfield code="i">&#x62A;&#x62D;&#x642;&#x64A;&#x642; &#x644;&#x640; (&#x639;&#x645;&#x644;) :</subfield>
    <subfield code="a">&#x627;&#x644;&#x62C;&#x639;&#x641;&#x631;&#x64A;&#x60C; &#x635;&#x627;&#x644;&#x62D; &#x628;&#x646; &#x627;&#x644;&#x62D;&#x633;&#x64A;&#x646; &#x628;&#x646; &#x637;&#x644;&#x62D;&#x629;&#x60C;</subfield>
    <subfield code="d">581-668 &#x647;&#x62C;&#x631;&#x64A;.</subfield>
    <subfield code="t">&#x62A;&#x62E;&#x62C;&#x64A;&#x644; &#x645;&#x646; &#x62D;&#x631;&#x641; &#x627;&#x644;&#x62A;&#x648;&#x631;&#x627;&#x629; &#x648;&#x627;&#x644;&#x625;&#x646;&#x62C;&#x64A;&#x644;.</subfield>
  </datafield>
  <datafield tag="700" ind1="1" ind2=" ">
    <subfield code="a">&#x642;&#x62F;&#x62D;&#x60C; &#x645;&#x62D;&#x645;&#x648;&#x62F; &#x639;&#x628;&#x62F; &#x627;&#x644;&#x631;&#x62D;&#x645;&#x646; &#x645;&#x62D;&#x645;&#x62F;&#x60C;</subfield>
    <subfield code="d">1380 &#x647;&#x62C;&#x631;&#x64A;-</subfield>
    <subfield code="e">&#x645;&#x62D;&#x642;&#x642;.</subfield>
  </datafield>
  <datafield tag="730" ind1="2" ind2="2">
    <subfield code="a">&#x627;&#x644;&#x643;&#x62A;&#x627;&#x628; &#x627;&#x644;&#x645;&#x642;&#x62F;&#x633;.</subfield>
  </datafield>
  <datafield tag="730" ind1="2" ind2="2">
    <subfield code="a">&#x627;&#x644;&#x643;&#x62A;&#x627;&#x628; &#x627;&#x644;&#x645;&#x642;&#x62F;&#x633;.</subfield>
  </datafield>
  <datafield tag="830" ind1=" " ind2="1">
    <subfield code="a">&#x625;&#x635;&#x62F;&#x627;&#x631;&#x627;&#x62A; &#x645;&#x631;&#x643;&#x632; &#x627;&#x644;&#x628;&#x62D;&#x62B; &#x627;&#x644;&#x639;&#x644;&#x645;&#x64A; &#x648;&#x625;&#x62D;&#x64A;&#x627;&#x621; &#x627;&#x644;&#x62A;&#x631;&#x627;&#x62B; &#x627;&#x644;&#x625;&#x633;&#x644;&#x627;&#x645;&#x64A; (&#x627;&#x644;&#x62C;&#x627;&#x645;&#x639;&#x629; &#x627;&#x644;&#x625;&#x633;&#x644;&#x627;&#x645;&#x64A;&#x629; &#x628;&#x627;&#x644;&#x645;&#x62F;&#x64A;&#x646;&#x629; &#x627;&#x644;&#x645;&#x646;&#x648;&#x631;&#x629;)</subfield>
    <subfield code="v">25</subfield>
  </datafield>
  <datafield tag="942" ind1=" " ind2=" ">
    <subfield code="2">ddc</subfield>
    <subfield code="c">BOOK</subfield>
  </datafield>
  <datafield tag="949" ind1=" " ind2=" ">
    <subfield code="a">SA-JeALM</subfield>
    <subfield code="d">241224</subfield>
    <subfield code="u">khaled123</subfield>
    <subfield code="n">1</subfield>
  </datafield>
  <datafield tag="952" ind1=" " ind2=" ">
    <subfield code="0">0</subfield>
    <subfield code="1">0</subfield>
    <subfield code="2">ddc</subfield>
    <subfield code="3">&#x627;&#x644;&#x62C;&#x632;&#x621; &#x627;&#x644;&#x623;&#x648;&#x644;</subfield>
    <subfield code="4">0</subfield>
    <subfield code="7">0</subfield>
    <subfield code="a">WAHAB</subfield>
    <subfield code="b">WAHAB</subfield>
    <subfield code="d">2024-12-24</subfield>
    <subfield code="l">0</subfield>
    <subfield code="o">214.291 &#x62C; &#x639; &#x641;</subfield>
    <subfield code="p">000006190</subfield>
    <subfield code="r">2024-12-24 06:57:36</subfield>
    <subfield code="w">2024-12-24</subfield>
    <subfield code="y">BOOK</subfield>
  </datafield>
  <datafield tag="952" ind1=" " ind2=" ">
    <subfield code="0">0</subfield>
    <subfield code="1">0</subfield>
    <subfield code="2">ddc</subfield>
    <subfield code="3">&#x627;&#x644;&#x62C;&#x632;&#x621; &#x627;&#x644;&#x62B;&#x627;&#x646;&#x64A;</subfield>
    <subfield code="4">0</subfield>
    <subfield code="7">0</subfield>
    <subfield code="a">WAHAB</subfield>
    <subfield code="b">WAHAB</subfield>
    <subfield code="d">2024-12-24</subfield>
    <subfield code="l">0</subfield>
    <subfield code="o">214.291 &#x62C; &#x639; &#x641;</subfield>
    <subfield code="p">000006191</subfield>
    <subfield code="r">2024-12-24 06:57:36</subfield>
    <subfield code="w">2024-12-24</subfield>
    <subfield code="y">BOOK</subfield>
  </datafield>
  <datafield tag="999" ind1=" " ind2=" ">
    <subfield code="c">3857</subfield>
    <subfield code="d">3857</subfield>
  </datafield>
</record>
